Woman and nature: The roaring inside her / (Record no. 616407)
[ view plain ]
| 000 -LEADER | |
|---|---|
| fixed length control field | 00370nam a22001337a 4500 |
| 020 ## - INTERNATIONAL STANDARD BOOK NUMBER | |
| Qualifying information | HB. |
| 040 ## - CATALOGING SOURCE | |
| Transcribing agency | Fizza Ishaq |
| 082 ## - DEWEY DECIMAL CLASSIFICATION NUMBER | |
| Classification number | 811.54 |
| Author Mark | SUS |
| 100 ## - MAIN ENTRY--PERSONAL NAME | |
| Personal name | GRIFFIN, Susan. |
| 9 (RLIN) | 133452 |
| 245 ## - TITLE STATEMENT | |
| Title | Woman and nature: The roaring inside her / |
| Statement of responsibility, etc. | Susan GRIFFIN. |
| 260 ## - PUBLICATION, DISTRIBUTION, ETC. | |
| Place of publication, distribution, etc. | New York : |
| Name of publisher, distributor, etc. | Harper& Row, |
| Date of publication, distribution, etc. | 1978. |
| 300 ## - PHYSICAL DESCRIPTION | |
| Extent | 263 p, ; |
| Dimensions | 5.2 x 7.8 x .6 inches |
| 942 ## - ADDED ENTRY ELEMENTS (KOHA) | |
| Source of classification or shelving scheme | |
| Koha item type | Book |
| Withdrawn status | Lost status | Source of classification or shelving scheme | Damaged status | Not for loan | Permanent Location | Current Location | Shelving location | Date acquired | Total Checkouts | Full call number | Barcode | Date last seen | Price effective from | Koha item type |
|---|---|---|---|---|---|---|---|---|---|---|---|---|---|---|
| NUST Baluchistan Campus (NBC) | NUST Baluchistan Campus (NBC) | General Stacks | 02/25/2026 | 811.54 SUS | QD-742 | 02/25/2026 | 02/25/2026 | Book |
